Príjemné prekvapenie pre diváka

Podrobná bibliografia
Médium: Článok
Jazyk:slovenčina
Predmet:

MARC

LEADER 00000nab a2200000 ar4500
001 vtls010085129
003 SK-MaSNL
005 20260303180603.0
008 100415c1973 xo |r|p|||||||000 b|slo
015 |a SNBRB1973 
038 |a SNKBUCL 
040 |a SNKBUCL  |b slo  |c SNKBUCL  |e AACR2 
041 |a slo 
044 |a xo  |c SK 
080 |a 792.2  |2 1997 
245 0 0 |a Príjemné prekvapenie pre diváka  |c [autor] (ab) 
600 1 7 |a Goldoni, Carlo,  |d 1707-1793  |t Mirandolína  |2 snkbucl  |9 1038979 
610 2 7 |a Poetická scéna (Bratislava, Slovensko)  |2 snkbucl  |9 1034344 
650 0 7 |a divadelné inscenácie  |2 snkbucl  |9 3326 
655 7 |a recenzie  |2 snkbucl  |9 21907 
773 0 |t Ľud  |g (7.6.1973), s. 5 
852 |a SNK  |b KIS3GCP 
958 |a RC 
999 |c 2106949  |d 2108879